| 000 | 00593nam a2200181Ia 4500 | ||
|---|---|---|---|
| 005 | 20250923144851.0 | ||
| 008 | 008 250917s9999 xx 000 0 eng d | ||
| 037 | _aTextual | ||
| 040 |
_aDSWL _beng _cDSWL |
||
| 041 |
_aeng _2eng |
||
| 084 |
_aY73(Q2)at(Q7):47.231, N51 _qDSWL |
||
| 100 |
_aVakil, Willert E. _9829228 |
||
| 245 | 0 |
_aUnesco study in group tensions (Hindu-Muslim) _cby Willert E. Vakil |
|
| 260 |
_aBombay _bEconomic & sociology, Univ _c1951 |
||
| 300 | _aiv,76p. | ||
| 942 |
_cTEXL _hY73(Q2)at(Q7):47.231, N51 |
||
| 999 |
_c1444354 _d1444354 |
||